| 000 | 02348cam a22003611i 4500 | ||
|---|---|---|---|
| 003 | SA-RiAUC | ||
| 005 | 20241211073001.0 | ||
| 008 | 241210s2009____su f f00000 ara c | ||
| 020 | _a9789960685281 | ||
| 040 |
_aSA-RiIMS _bara _cSA-RiAUC _erda |
||
| 043 | _aa-su--- | ||
| 050 | _bS84 2009 | ||
| 082 | 0 | 4 |
_a362.83 _qSA-RiAUC |
| 090 |
_a362.83 _bس ح ي |
||
| 100 | 1 |
_aالسحيم، محمد بن عبد الله صالح، _d1379 هجري- _eمؤلف. |
|
| 245 | 1 | 0 |
_aملخص هروب الفتيات : _bأسبابه، آثاره، علاجه / _cإعداد محمد بن عبد الله السحيم، محمد بن عبد الله المطوع، منصور بن عبد الرحمن بن عسكر ؛ تنفيذ مركز البحوث والدراسات، الرئاسة العامة لهيئة الأمر بالمعروف والنهي عن المنكر. |
| 264 | 1 |
_aالرياض : _bالرئاسة العامة لهيئة الأمر بالمعروف والنهي عن المنكر، مركز البحوث والدراسات، _c[2009] |
|
| 300 |
_a264 صفحة ؛ _c24 سم. |
||
| 336 |
_aنص _btxt _2rdacontent _3كتاب |
||
| 337 |
_aبدون وسيط _bn _2rdamedia |
||
| 338 |
_aمجلد _bnc _2rdacarrier |
||
| 490 | 1 |
_aسلسلة إصدارات مركز البحوث والدراسات / الرئاسة العامة لهيئة الأمر بالمعروف والنهي عن المنكر ؛ _v14 |
|
| 650 | 7 |
_aالفتيات _zالسعودية _xأحوال اجتماعية _2aucsh |
|
| 650 | 7 |
_aالمشاكل الاجتماعية _zالسعودية _2aucsh |
|
| 650 | 7 |
_aالانحراف الاجتماعي _zالسعودية _2aucsh |
|
| 650 | 7 |
_aالفتيات _zالسعودية _xأحوال اجتماعية _2aucsh |
|
| 700 | 1 |
_aالمطوع، محمد بن عبد الله بن إبراهيم _eمؤلف. |
|
| 700 | 1 |
_aابن عسكر، منصور بن عبد الرحمن _eمؤلف. |
|
| 710 | 1 |
_aالسعودية. _bالرئاسة العامة لهيئة الأمر بالمعروف والنهي عن المنكر. _bمركز البحوث والدراسات |
|
| 830 | 0 |
_aسلسلة إصدارات مركز البحوث والدراسات / الرئاسة العامة لهيئة الأمر بالمعروف والنهي عن المنكر _v14 |
|
| 942 |
_2ddc _cBOOK _n0 |
||
| 949 |
_aSA-JeALM _d241210 _umohamedma123 _n1 |
||
| 999 |
_c3307 _d3307 |
||